| 000 | 00363nam a22001337a 4500 | ||
|---|---|---|---|
| 082 |
_a944.04 _bWEB |
||
| 100 |
_aWebster, Nesta H _950224 |
||
| 245 |
_aThe french revolution _cNesta H. Webster |
||
| 260 |
_aLondon _bConstable and Company Ltd _c1926 |
||
| 300 | _axv, 519 p.: | ||
| 526 |
_a0 _b0 _c0 _d944_040000000000000_WEB |
||
| 650 |
_aMCE _9379 |
||
| 942 |
_2ddc _cBK |
||
| 999 |
_c552948 _d552948 |
||